000 01392nam a2200337 c 4500
003 BLK
005 20180422115547.0
008 180411b bul|||||r ||||||| ||bul||
010 _aKNG00196862000
020 _a978-619-7171-35-8
_bиздат.: Дайрект сървисиз
040 _aBLK
041 _aBUL
_cBUL
072 7 _2bullib
_aН8400
_xБългарска поезия Н
080 _aБългарска литература
_b821.163.2
_x-1
_z821.163.2-1
100 1 _aАпостолова, Стана
_eпърви автор
_gАпостолова, Станка Пръвчева
_9384543
700 1 _aАпостолова, Станка Пръвчева
_e*
_9310159
139 _aАпостолова, Станка Пръвчева
_bА 78
245 1 0 _aНещо хубаво
_bПоезия
_cСтана Апостолова; * Станка Пръвчева Апостолова.
257 _aBGR
260 София
_bДайрект сървисиз
_c2016
300 _a66 с.
_c21 см
380 _aX
500 _aПълното име на авт. е Станка Пръвчева Апостолова.
653 _aстихотворения
659 _aН
852 _aЦб 283310
856 4 _qpdf
_u
856 4 _qpdf
_u
942 _cKNG
_n0
944 _aCR
_c25.11.2016
_lф /
_kВиолета_Тройчева
944 _aED
_c08.03.2017
_lф /
_kЛюдмила_Стоянова
999 _c187845
_d187845